| 000 | 00530nam a22001817a 4500 | ||
|---|---|---|---|
| 999 |
_c16539 _d16539 |
||
| 003 | AR-CdUCM | ||
| 008 | 190503b ||||| |||| 00| 0 esp d | ||
| 040 |
_aMUNICIPALIDAD PROVINCIAL DEL CUSCO _cBIBLIOTECA MUNICIPAL DEL CUSCO |
||
| 082 |
_a869.56 / _bS18 |
||
| 100 |
_aSalazar Bondy, Sebastián _9906 |
||
| 245 | _aLima la Horrible / | ||
| 260 |
_aMéxico : _bEra, _c1964. |
||
| 300 |
_a133 páginas : _c21 cm. |
||
| 650 |
_aEnsayos peruanos. _9233 |
||
| 650 |
_aSiglo XX _98 |
||
| 942 |
_2ddc _cLIBROS |
||
| 945 |
_aacrt _d2019-05-03 |
||